Statistics for Most Dangerous Countries to Travel in 2022

Click here to take the quiz!

General Stats

  • This quiz has been taken 290 times
  • The average score is 10 of 14

Answer Stats

HintAnswer% Correct
Extreme Travel RiskAfghanistan
91%
Extreme Travel RiskIraq
88%
Extreme Travel RiskSyria
87%
Extreme Travel RiskYemen
82%
Extreme Travel RiskUkraine
81%
Extreme Travel RiskSomalia
79%
Extreme Travel RiskLibya
77%
Extreme Travel RiskSouth Sudan
74%
Extreme Travel RiskPakistan
69%
Extreme Travel RiskDR Congo
67%
Extreme Travel RiskNigeria
63%
Extreme Travel RiskCentral African Republic
59%
Extreme Travel RiskMali
57%
Extreme Travel RiskEgypt
41%

Score Distribution

Percentile by Number Answered

Percent of People with Each Score

Your Score History

You have not taken this quiz